000 02629cam a2200361 4500500
005 20260111054013.0
041 _afre
042 _adc
100 1 0 _aChalvet, Martine
_eauthor
700 1 0 _aCadenza Academic Translations
_eauthor
700 1 0 _aChaize, Isabelle
_eauthor
700 1 0 _aCloux, Marie
_eauthor
700 1 0 _aMellor, Mark
_eauthor
245 0 0 _aFrom fire to forest fires: the emergence of a new public policy in Provence (nineteenth–twentieth centuries)
260 _c2025.
500 _a89
520 _aBetween the early nineteenth century and the 1960s, perceptions and customs of wildland fires changed dramatically in Provence, as did ways of preventing them. Forest fires were henceforth studied and inventoried, giving rise to a new public policy. In the nineteenth century, the aim was to protect the economic capital of the Maures and Esterel regions. In the twentieth century, it was a question of preserving the landscape and ecosystem of the Mediterranean forest, considered degraded. Based on research of the judicial, communal and forestry archives of the Var region, as well as on various agricultural, forestry and scholarly publications, this historical study is also an opportunity to analyse the construction of the narrative surrounding forest, agricultural and pastoral res.
520 _aEntre le début du XIXe siècle et les années 1960, les perceptions, les usages et la prévention des feux de végétation se transforment profondément en Provence. Désormais, les incendies de forêts sont étudiés, inventoriés et donnent lieu à une nouvelle politique publique. Au XIXe siècle, il s’agit de protéger le capital économique des Maures et de l’Esterel. Au XIXe siècle, il s’agit de sauvegarder le paysage et l’écosystème de la forêt méditerranéenne vus comme dégradés. Fondée sur les archives judiciaires, communales et forestières du Var mais aussi sur di érentes publications agricoles, forestières et scienti ques, cette étude historique est aussi l’occasion d’analyser la construction du récit sur les incendies de forêts et les feux agricoles et pastoraux.
690 _afeu
690 _aforêt
690 _aFrance
690 _ahistoire
690 _apolitique publique
690 _aProvence
690 _aforest
690 _aFrance
690 _ahistory
690 _aProvence
690 _apublic policy
690 _are
786 0 _nÉtudes rurales | o 214 | 2 | 2025-01-29 | p. 26-44 | 0014-2182
856 4 1 _uhttps://shs.cairn.info/journal-etudes-rurales-2024-2-page-26?lang=en&redirect-ssocas=7080
999 _c1613880
_d1613880